Statistics for 15 Random Countries by First Two Letters in 15 Seconds

Click here to take the quiz!

General Stats

  • This quiz has been taken 332 times
  • The average score is 9 of 15

Answers on the Map

Answers color-coded by a green-red scale on the quiz's map according to % correct below.
 

Answer Stats

Country% Correct
Algeria
100%
Argentina
100%
Australia
100%
Bahamas
100%
Bangladesh
100%
Belarus
100%
Botswana
100%
Brazil
100%
Burundi
100%
Canada
100%
Chile
100%
China
100%
Colombia
100%
Comoros
100%
Democratic Republic
of the Congo
100%
Denmark
100%
Estonia
100%
Finland
100%
Greece
100%
Hungary
100%
Iceland
100%
India
100%
Iran
100%
Iraq
100%
Ireland
100%
Italy
100%
Kazakhstan
100%
Latvia
100%
Lesotho
100%
Liechtenstein
100%
Lithuania
100%
Luxembourg
100%
Madagascar
100%
Maldives
100%
Marshall Islands
100%
Mauritania
100%
Mexico
100%
Mongolia
100%
Namibia
100%
Niger
100%
Nigeria
100%
North Korea
100%
Oman
100%
Pakistan
100%
Palau
100%
Panama
100%
Paraguay
100%
Poland
100%
Romania
100%
Saudi Arabia
100%
South Sudan
100%
Sudan
100%
Switzerland
100%
Turkey
100%
Ukraine
100%
United States
100%
Venezuela
100%
Yemen
100%
Myanmar
83%
Norway
83%
Chad
80%
Eswatini
75%
Liberia
75%
Netherlands
75%
Somalia
75%
Thailand
75%
Afghanistan
67%
Benin
67%
Bhutan
67%
Egypt
67%
Guinea
67%
Indonesia
67%
Malaysia
67%
Mali
67%
Moldova
67%
North Macedonia
67%
Portugal
67%
Suriname
67%
Trinidad and Tobago
67%
Tunisia
67%
United Arab Emirates
67%
United Kingdom
67%
Haiti
60%
Philippines
60%
Slovakia
60%
Andorra
50%
Cambodia
50%
Czech Republic
50%
Djibouti
50%
Dominican Republic
50%
El Salvador
50%
Honduras
50%
Ivory Coast
50%
Libya
50%
Nepal
50%
Rwanda
50%
São Tomé and Príncipe
50%
Slovenia
50%
Sweden
50%
Vanuatu
50%
Vietnam
50%
Zambia
50%
Cuba
40%
Uruguay
40%
Angola
33%
Bolivia
33%
Burkina Faso
33%
Cameroon
33%
Croatia
33%
Federated States of
Micronesia
33%
Fiji
33%
Syria
33%
Dominica
25%
Senegal
25%
Tonga
25%
Barbados
20%
Equatorial Guinea
20%
Albania
0%
Antigua and Barbuda
0%
Armenia
0%
Austria
0%
Azerbaijan
0%
Bahrain
0%
Belgium
0%
Belize
0%
Bosnia and
Herzegovina
0%
Brunei
0%
Bulgaria
0%
Cape Verde
0%
Central African Republic
0%
Costa Rica
0%
Cyprus
0%
East Timor
0%
Ecuador
0%
Eritrea
0%
Ethiopia
0%
France
0%
Gabon
0%
Gambia
0%
Georgia
0%
Germany
0%
Ghana
0%
Grenada
0%
Guatemala
0%
Guinea-Bissau
0%
Guyana
0%
Israel
0%
Jamaica
0%
Japan
0%
Jordan
0%
Kenya
0%
Kiribati
0%
Kosovo
0%
Kuwait
0%
Kyrgyzstan
0%
Laos
0%
Lebanon
0%
Malawi
0%
Malta
0%
Mauritius
0%
Monaco
0%
Montenegro
0%
Morocco
0%
Mozambique
0%
Nauru
0%
New Zealand
0%
Nicaragua
0%
Papua New Guinea
0%
Peru
0%
Qatar
0%
Republic of the Congo
0%
Russia
0%
Saint Kitts and Nevis
0%
Saint Lucia
0%
Saint Vincent and the
Grenadines
0%
Samoa
0%
San Marino
0%
Serbia
0%
Seychelles
0%
Sierra Leone
0%
Singapore
0%
Solomon Islands
0%
South Africa
0%
South Korea
0%
Spain
0%
Sri Lanka
0%
Taiwan
0%
Tajikistan
0%
Tanzania
0%
Togo
0%
Turkmenistan
0%
Tuvalu
0%
Uganda
0%
Uzbekistan
0%
Vatican City
0%
Zimbabwe
0%

Score Distribution

Percentile by Number Answered

Percent of People with Each Score

Your Score History

You have not taken this quiz